| 000 | 00603nam a2200157 a 4500 | ||
|---|---|---|---|
| 001 | 000027046 | ||
| 005 | 20200930030552.0 | ||
| 008 | 110329s1983 dr d 000 0 spa d | ||
| 040 |
_aDO-SdBNP _bspa _cBNPHU |
||
| 082 |
_axxx _bR426g |
||
| 110 | 1 |
_aRepública Dominicana _bSecretaría de Estado de Agricultura _bdepartamento de café _954139 |
|
| 245 | 1 | 0 |
_aGuía de exportación del café en la República Dominicana / _cpresentación Efraín Camilo González. |
| 260 |
_aSanto Domingo : _bDepartemento de café, _c1983. |
||
| 300 |
_a90 p. : _bdiagrs. ; _c28 cm. |
||
| 700 | 1 |
_aGonzález, Efraín Camilo _954140 |
|
| 999 |
_c26538 _d26538 |
||